000 00419nam a22001697a 4500
003 NUST - PNEC
005 20170116180835.0
008 150805b xxu||||| |||| 00| 0 eng d
020 _a0201066947
040 _cLIBRARY
082 _a530 SEA
100 _94927
_a Sears, Francis Weston
245 _aUniversity physics
_c Francis ,Weston Sears
250 _a7th ed
650 _94928
_aPhysics
_xME
942 _2ddc
_cBK
999 _c64190
_d64190